Регионална библиотека "Любен Каравелов" - Русе

Кастро неверният (Запис номер 189636)

MARC детайли
000 -Лидер
Контролно поле с фиксирана дължина 02103nam a2200457 c 4500
003 - Код на организацията, давaща контролен номер
Контролно поле BLK
005 - Дата и час на последна редакция
Контролно поле 20250217110812.0
008 - Елементи от данни с фиксирана дължина
fixed length control field 180411b bul|||||r ||||||| ||bul||
010 ## - Наследен системен номер
LC control number KNG00198680000
020 ## - Международен стандартен номер на книга ISBN
Международен стандартен номер на книга ISBN 978-954-91843-4-1
-- издат.: Вакон
040 ## - Източник на каталожния запис
Идентификатор на билиотеката - собственик на записа BLK
041 ## - Код за език
Код за езика на текст/звукозапис или на отделно заглавие Български
Код за езика КДБФ Български
072 #7 - Код за тематичната категория
Код организация bullib
Код за тематична категория Н83
Текст Чужда художествена литература Н
080 ## - УДК
Текстов определител УДК Френска литература
УДК код - определител по УДК 821.133.1
УДК определител -94
УДК - код + определител 821.133.1-94
080 ## - УДК
Текстов определител УДК Политика. Вж и 341 ; 342
УДК код - определител по УДК 32
УДК определител (729.1)(092)(0:82-9)
УДК - код + определител 32(729.1)(092)(0:82-9)
080 ## - УДК
Текстов определител УДК Фидел Алехандро Кастро Рус. Команданте. Кубински революционер, политик, министър-председател на Куба, председател на Държавния съвет на Куба (президент)
УДК код - определител по УДК 929 Кастро, Фидел
УДК определител
УДК - код + определител 929 Кастро, Фидел
100 1# - Редна дума - Автор
Автор Рафи, Серж
Авторска отговорност първи автор
R(LIN) 295489
139 ## - Редно поле
Редна дума Рафи, Серж
Авторски знак Раф - Р 39
245 10 - Сведения за заглавието
Заглавие Кастро неверният
Редно поле (дума) Серж Рафи; прев. от фр. Гергана Нушева Стойчева.
250 ## - Област на изданието
Сведения за изданието 3. изд.
257 ## - Страна на издаване
Страна на създаване/издаване Франция
260 ## - Област на издателските данни
-- София
Име на издателя, разпространителя и проч. Вакон
Година на издаване 2016
300 ## - Физическа характеристика
Страници 488 с.
Размери/Мащаб 21 см
380 ## - Жанр
Жанр Обществени науки
500 ## - Общи забележки
Забележка Ориг. загл. Castro l'infidele / Serge Raffi. - 1. изд. 2007. - Съдържа и за авт.
600 14 - Име на лице, използвано като предмет
За него / За нея Кастро, Фидел
9 (RLIN) 372001
650 #4 - Допълнително описание по предмет – тема
Основно описание – тема или топоним Кастро, Фидел
9 (RLIN) 372001
650 #4 - Допълнително описание по предмет – тема
Основно описание – тема или топоним Политици, кубински
9 (RLIN) 298292
651 #4 - Допълнително описание по предмет - топоним
Географско понятие Куба
9 (RLIN) 272036
653 ## - Ключова дума – ненормативна
Ключова дума Фидел Кастро
653 ## - Ключова дума – ненормативна
Ключова дума кубински политици
653 ## - Ключова дума – ненормативна
Ключова дума биографии
659 ## - Тематичен бюлетин
Тематичен бюлетин Н
700 1# - Други автори (авторска отговорност)
Лично име Стойчева, Гергана Нушева
Автороска отговорност (Описва отношението между автора и произведението) прев. от фр.
9 (RLIN) 369058
852 ## - Местоположение
Форматна сигнатура Цб 283764
856 4# - Електронен адрес и достъп
Електронен формат pdf - файл
Път до файла /url/
856 4# - Електронен адрес и достъп
Електронен формат pdf - файл
Път до файла /url/
942 ## - АРТИКУЛИ
Вид на библиотечния материал Книги
Скрит в OPAC Не
Koha issues (borrowed), all copies 3
944 ## - СЪЗДАВАНЕ И РЕДАКЦИЯ на ЗАПИСА
Създаване/Редакция Създаване
Дата на регистрацията/редакция 20.12.2016
Статус, дата на статуса Грета Цуфелде
Служител, извършил регистрацията/редакцията 30537
944 ## - СЪЗДАВАНЕ И РЕДАКЦИЯ на ЗАПИСА
Създаване/Редакция Редакция
Дата на регистрацията/редакция 11.01.2017
Статус, дата на статуса ф /
Служител, извършил регистрацията/редакцията Людмила_Стоянова
999 ## - СИСТЕМНИ КОНТРОЛНИ НОМЕРА
Koha biblionumber 189636
Koha biblioitemnumber 189636
Наличности
Код за отписване Код за изгубен артикул Код за повреда Коз за рестрикции Код за отдаване Артикулен № Име на библиотеката - собственик Име на библиотеката, в която се намира в момента Статус (Текущо местоположение) Дата на вписване в системата Местоположение - отдел Цена в лева Инвентарен номер Систематично азбучна сигнатура Баркод Номер на екземпляра Цена в евро Служебна бележка Служебен тип на артикула
  Не е изгубен Не е повреден без рестрикции заемане за дома 333748 Регионална библиотека "Любен Каравелов" Русе Регионална библиотека "Любен Каравелов" Русе Заемна - подръчен фонд 2016-12-21 Заемна - подръчен фонд 14.40 120000807003 П 840-9/Р 39 120000807003 1 7.36 Дост: Pk Вид: Ф N: 475 Дата: 19.12.2016 Дата инв: 13.02.2018 Бележки инв: П2018 Книги
Vip Innovations Ltd, Rousse, Bulgaria 2025